000 00793cab a22002175a 4500
001 L142892
008 080317e20080315xxk f 000 0 eng d
035 _a(Sirsi) u142892
041 0 _aeng
100 1 _aMorrison, Adrian
245 0 0 _aFocus
_bNorth West industrial and distribution
260 _c2008
490 _aEstates Gazette
_v(0810) 15 March 2008, 107-125(8)
520 _aReports that demand for large shed lettings have fallen below expectations. Considers the factors which may have caused this. Questions whether mistakes have been made in the planning and location of development sizes in the region.
590 _aKA
651 4 _aUnited Kingdom
_y
690 _aPROPERTY-INDUSTRIAL PROPERTY
700 1 _aDonnelly, Michael
700 1 _aMeadwell, Stacey
942 _n0
999 _c79963
_d79963